| 000 | 00428nam a2200181Ia 4500 | ||
|---|---|---|---|
| 001 | 1365 | ||
| 005 | 20260306143723.0 | ||
| 008 | 260306t1995||||xx |||||||||||||| ||spa|| | ||
| 041 | _aESP | ||
| 082 |
_a196.1 _bM93 |
||
| 100 |
_aMuguerza, Javier...[et al.]. _eAUT |
||
| 245 | 0 | _aDel sentido a la realidad | |
| 260 | _c1995 | ||
| 300 |
_a254 páginas : _c23 cm. |
||
| 650 | _aGEN | ||
| 654 | _aCHU | ||
| 942 |
_cLIB _dJUS _fJUS _2ddc _n |
||
| 999 |
_c1365 _d1365 |
||